• 首页
  • 本馆介绍
  • 公告通知
  • 最新文献
  • 馆藏检索
  • 电子资源
  • 读者导购
  • 参考咨询
  • 我的图书馆
  • 登录
  • 详细信息显示
  • 放入我的书架
  • 预约/预借图书
  • 作者相关作品
  • 分类相关作品
  • 丛书相关作品
  • 出版社相关作品

书目信息

  • 表格格式
  • 工作单格式
  • 卡片格式
题名:
电脑美术动画设计
    
 
作者: 尹武松 著
分册:  
出版信息: 北京   北京工艺美术出版社  1996
页数: 151页
开本: 26cm
丛书名: 实用电脑美术创作世界丛书
单 册:
中图分类: J206.1
科图分类:
主题词: 微型计算机-动画--基本知识 , 动画-微型计算机--基本知识 , 绘画理论
电子资源:
ISBN: 7-80526-161-X
000 00730nam2 2200253 45
001 0197106449
005 20061119141447.96
010    @a7-80526-161-X@dCNY30.00
100    @a19970324d1996 em y0chiy0120 ea
101 0  @achi
102    @aCN@b110000
105    @ay z 000yy
200 10 @a电脑美术动画设计@Adian nao mei shu dong hua she ji@f尹武松著
210    @a北京@c北京工艺美术出版社@d1996
215    @a151页@d26cm
225 2  @a实用电脑美术创作世界丛书
410  0 @120010@a实用电脑美术创作世界丛书
606    @a微型计算机-动画@x基本知识
606    @a动画-微型计算机@x基本知识
606 0  @a绘画理论
690    @aJ206.1@v3
701  0 @a尹武松@Ayin wu song@4著
801  0 @aCN@bTSSF@c20061119
905    @a10447@dJ206.1@e122
    
    电脑美术动画设计/尹武松著.-北京:北京工艺美术出版社,1996
    151页;26cm.-(实用电脑美术创作世界丛书)
    
    
    ISBN 7-80526-161-X:CNY30.00
    
●
相关链接 在E读中查询图书 在五车中查询图书 在当当中查询图书 在豆瓣中查询图书


正题名:电脑美术动画设计     索取号:J206.1/122         预约/预借

序号 登录号 条形码 馆藏地/架位号 状态 备注
1 0274843   202748438   第一样本阅览室/ [索取号:J206.1/122] 在馆    
唐山师范学院图书馆 欢迎您!
大连网信软件有限公司© 版权所有